01371nam a2200373 i 4500001000300000003000900003005001700012008003900029015001700068040004800085041001300133046000900146080000800155100004600163245010500209246005400314260005800368300005300426380001700479388001400496504003200510658002400542650001600566650001800582650003200600700003800632710004200670856009800712942001200810999001700822952004800839952004800887952006200935bgKOSZ 00520200811094438.0071001s1968 pl a f 001 0 pol aPB 1968/3204 aWA NcKOSZ 005/RWdKOSZ 005/RWdKOSZ 005/HR1 apolheng k1968 a5361 aZemansky, Mark Waldod(1900-1981).eAutor10aTemperatury bardzo niskie i bardzo wysokie /cMark W. Zemansky ; [z ang. przeł. Andrzej Blinowski].1 iTyt. oryg.:aTemperatures very low and very high. a[Warszawa] :bPaństwowe Wydawnictwo Naukowe,c1968. a155, [1] s., [2] k. tabl. :bil.. err. ;c18 cm. aKsiążki. a1901-2000 aBibliogr. s. [152]. Indeks. aFizyka i astronomia 4aTemperatura 4aTermodynamika 4aTechnika niskich temperatur1 aBlinowski, Andrzej.eTłumaczenie2 aPaństwowe Wydawnictwo Naukowe4pbl. uhttp://koha.tu.koszalin.pl/cgi-bin/koha/opac-detail.pl?biblionumber=11544yKatalog online BPK 2UKDcKS c11544d11544 00104070aBPKbBPKcwo3659p02198187yKS 00104070aBPKbBPKcwo5805p01399141yKS 00104070aBPKbBPKcwo5805/Lp02269375s2019-02-21yKS